[Event "NK C Jeugd"]
[Site "Chess.com"]
[Date "2020.05.01"]
[Round "7"]
[White "Bakija, Alan"]
[Black "Achuthan, Dylan"]
[Result "1-0"]
[WhiteElo "1765"]
[BlackElo "1328"]
[PlyCount "131"]
[EventDate "2020.05.??"]

1. Nf3 c5 2. g3 Nf6 3. Bg2 g6 4. O-O Bg7 5. d4 O-O 6. b3 cxd4 7. Bb2 Nc6 8.
Nxd4 a6 9. Nxc6 bxc6 10. c4 Bb7 11. Qc2 d5 12. Rd1 Rc8 13. c5 a5 14. Nc3 Qc7
15. Na4 Nd7 16. Bxg7 Kxg7 17. Bh3 e6 18. e4 Rfd8 19. a3 Ba6 20. b4 Bb5 21. Nc3
Bc4 22. Qb2 Kg8 23. Bf1 Bxf1 24. Kxf1 Rb8 25. Rab1 Nxc5 26. Qe2 axb4 27. axb4
Nxe4 28. Nxe4 dxe4 29. Qxe4 Rxd1+ 30. Rxd1 Qb6 31. Kg1 Qxb4 32. Rd8+ Kg7 33.
Qe5+ f6 34. Qc7+ Kh6 35. Qxb8 Qe1+ 36. Kg2 Qe4+ 37. Kf1 Qh1+ 38. Ke2 Qe4+ 39.
Kd2 e5 40. Rd3 c5 41. Qf8+ Kg5 42. Qxc5 h5 43. Qe3+ Qxe3+ 44. Rxe3 Kf5 45. f3
g5 46. h3 Kg6 47. Kd3 Kf5 48. g4+ hxg4 49. hxg4+ Kf4 50. Ke2 f5 51. gxf5 Kxf5
52. Kf2 Kf4 53. Re4+ Kf5 54. Kg3 Kf6 55. Kg4 Kg6 56. Rxe5 Kf6 57. Rxg5 Kf7 58.
f4 Kf8 59. f5 Kf7 60. Rg6 Kf8 61. Kg5 Kf7 62. f6 Kf8 63. Rg7 Ke8 64. Kg6 Kf8
65. Rh7 Kg8 66. f7+ 1-0

[Event "NK C Jeugd"]
[Site "Chess.com"]
[Date "2020.05.01"]
[Round "7"]
[White "Brandsma, Romayn"]
[Black "Van Foreest, Nanne"]
[Result "0-1"]
[WhiteElo "1810"]
[BlackElo "1936"]
[PlyCount "62"]
[EventDate "2020.05.??"]

1. e4 e5 2. Nf3 Nc6 3. d4 exd4 4. Bc4 Nf6 5. e5 d5 6. Bb5 Ne4 7. Nxd4 Bc5 8.
Be3 Bxd4 9. Bxd4 O-O 10. Bxc6 bxc6 11. O-O Ba6 12. Re1 c5 13. Be3 d4 14. Bxd4
cxd4 15. Rxe4 c5 16. Nd2 Bb7 17. Rg4 Re8 18. Nc4 Bd5 19. Qd3 Bxc4 20. Qxc4 Rxe5
21. Rf4 Qe7 22. h3 Re8 23. Kh2 Qc7 24. g3 Re2 25. b4 R8e3 26. bxc5 Rxf2+ 27.
Kh1 Rxf4 28. gxf4 Qxf4 29. Qd5 Rxh3+ 30. Kg2 Rg3+ 31. Kh2 Qh4# 0-1

[Event "NK C Jeugd"]
[Site "Chess.com"]
[Date "2020.05.01"]
[Round "7"]
[White "De Heij, Mees"]
[Black "Ekker, Joshua"]
[Result "0-1"]
[WhiteElo "1543"]
[BlackElo "1414"]
[PlyCount "62"]
[EventDate "2020.05.??"]

1. e4 e5 2. Nf3 Nc6 3. Nc3 Nf6 4. Bc4 Nxe4 5. Nxe4 d5 6. Bd3 dxe4 7. Bxe4 Bg4
8. O-O Qd7 9. h3 Bxf3 10. Bxf3 Bd6 11. Re1 O-O 12. b3 Rab8 13. Bb2 Rfe8 14. d3
Re7 15. Bg4 f5 16. Bf3 g6 17. Bd5+ Kg7 18. Kh1 Rbe8 19. Re2 b6 20. Qe1 Nd4 21.
Rd2 c6 22. Bf3 Nxf3 23. gxf3 Kg8 24. Qg1 e4 25. dxe4 fxe4 26. Qg2 exf3 27. Qf1
Re2 28. Rad1 Rxd2 29. Rxd2 Qxh3+ 30. Qxh3 Re1+ 31. Qf1 Rxf1# 0-1

[Event "NK C Jeugd"]
[Site "Chess.com"]
[Date "2020.05.01"]
[Round "7"]
[White "De Winter, Arthur"]
[Black "Wierenga, Jael"]
[Result "1-0"]
[WhiteElo "2514"]
[BlackElo "1894"]
[PlyCount "57"]
[EventDate "2020.05.??"]

1. e4 b6 2. d4 Bb7 3. Nc3 e6 4. Bd3 Nf6 5. Nf3 c5 6. d5 d6 7. dxe6 fxe6 8. O-O
Be7 9. Ng5 Qd7 10. Bc4 d5 11. Bb5 Nc6 12. e5 Ng8 13. Qh5+ g6 14. Qh3 Bxg5 15.
Bxg5 Nge7 16. Rad1 O-O-O 17. Ne4 a6 18. Nd6+ Kc7 19. Bxc6 Bxc6 20. Nf7 Rde8 21.
Nxh8 Rxh8 22. Bf6 Re8 23. Qxh7 d4 24. c3 d3 25. Rfe1 Qd5 26. f3 c4 27. Bxe7 Kc8
28. Bd6 d2 29. Qc7# 1-0

[Event "NK C Jeugd"]
[Site "Chess.com"]
[Date "2020.05.01"]
[Round "7"]
[White "Grooten, Tommy"]
[Black "Aarts, Joaquin"]
[Result "1-0"]
[WhiteElo "1840"]
[BlackElo "1433"]
[PlyCount "33"]
[EventDate "2020.05.??"]

1. e4 c5 2. Nf3 Nc6 3. d4 cxd4 4. Nxd4 d6 5. Nc3 Nf6 6. Be3 g6 7. Qd2 Bg7 8. f3
O-O 9. g4 d5 10. g5 Ne8 11. exd5 Nxd4 12. Bxd4 Bxd4 13. Qxd4 e6 14. O-O-O exd5
15. Nxd5 Be6 16. Bc4 Qa5 17. Ne7# 1-0

[Event "NK C Jeugd"]
[Site "Chess.com"]
[Date "2020.05.01"]
[Round "7"]
[White "Huang, Wendy"]
[Black "Labruyère, Roger"]
[Result "1-0"]
[WhiteElo "1896"]
[BlackElo "1914"]
[PlyCount "71"]
[EventDate "2020.05.??"]

1. e4 c5 2. Nf3 e6 3. c3 d5 4. exd5 Qxd5 5. d4 Nc6 6. Na3 cxd4 7. Nb5 Bd6 8.
Nbxd4 Bd7 9. Be3 Nf6 10. Be2 O-O 11. O-O Nxd4 12. Nxd4 Bc7 13. Bf3 Qd6 14. g3
Nd5 15. Qe2 Nxe3 16. Qxe3 Rab8 17. Rad1 Qb6 18. Qe2 Rfd8 19. Bg2 Be8 20. Qc2
Rbc8 21. Qb3 Qxb3 22. Nxb3 b6 23. Bf3 Be5 24. Rxd8 Rxd8 25. Rd1 Rxd1+ 26. Bxd1
f6 27. f4 Bd6 28. Bf3 Kf7 29. Kf2 Bb5 30. Bg4 Bc4 31. Be2 Bd5 32. Bf3 Bxb3 33.
axb3 Bc5+ 34. Ke2 Bg1 35. h3 Bh2 36. Kf2 1-0

[Event "NK C Jeugd"]
[Site "Chess.com"]
[Date "2020.05.01"]
[Round "7"]
[White "Kumar, Prajit Sai"]
[Black "Arnold, Rhys"]
[Result "1/2-1/2"]
[WhiteElo "1826"]
[BlackElo "1712"]
[PlyCount "125"]
[EventDate "2020.05.??"]

1. d4 Nf6 2. c4 c5 3. d5 b5 4. Qc2 bxc4 5. e4 d6 6. Bxc4 Nbd7 7. Nf3 g6 8. h3
Bg7 9. O-O O-O 10. Bg5 Rb8 11. Nc3 h6 12. Be3 Nb6 13. Nd2 Nh5 14. Be2 Nf6 15.
Nc4 Nxc4 16. Bxc4 Nd7 17. Be2 Nb6 18. a4 a5 19. Nb5 Ba6 20. Rac1 Qd7 21. b3 Nc8
22. Qd2 g5 23. Qxa5 Bxb5 24. Bxb5 Qb7 25. Qd2 Na7 26. Bc4 f5 27. exf5 Rxf5 28.
h4 gxh4 29. Bxh6 Rbf8 30. Bxg7 Kxg7 31. Qe2 Rg5 32. Rc3 Qd7 33. Re3 Rf7 34. Re1
Nc8 35. Rf3 h3 36. Rxf7+ Kxf7 37. Qe6+ Qxe6 38. dxe6+ Kf6 39. g3 d5 40. Bb5 Nd6
41. Bc6 c4 42. b4 c3 43. a5 d4 44. Rc1 Kxe6 45. a6 Nc8 46. Kf1 Re5 47. f3 h2
48. Kf2 Rh5 49. f4 Kd6 50. Be4 Kc7 51. Ke2 Rh3 52. Rh1 e6 53. Kd3 Rxg3+ 54.
Kxd4 Rh3 55. Bg2 Rh4 56. Kxc3 Kb6 57. Bb7 Na7 58. Re1 Rh6 59. Rh1 Nb5+ 60. Kd3
Nd6 61. Kd4 Nxb7 62. axb7 Kxb7 63. Ke5 1/2-1/2

[Event "NK C Jeugd"]
[Site "Chess.com"]
[Date "2020.05.01"]
[Round "7"]
[White "Shadrin, Mitia"]
[Black "Nitrauw, Peter"]
[Result "0-1"]
[WhiteElo "1593"]
[BlackElo "1650"]
[PlyCount "23"]
[EventDate "2020.05.??"]

1. e4 c5 2. Nf3 Nc6 3. d4 cxd4 4. Nxd4 Nf6 5. e5 Nxe5 6. f4 Nc6 7. g4 Nxd4 8.
Qxd4 Nxg4 9. f5 Nf6 10. Bc4 Qa5+ 11. Bd2 Qxf5 12. Qc3 0-1

[Event "NK C Jeugd"]
[Site "Chess.com"]
[Date "2020.05.01"]
[Round "7"]
[White "Slagboom, Leandro"]
[Black "Qi, Zimo"]
[Result "1/2-1/2"]
[WhiteElo "1892"]
[BlackElo "1728"]
[PlyCount "133"]
[EventDate "2020.05.??"]

1. Nf3 d5 2. c4 c6 3. g3 Nf6 4. Bg2 Bf5 5. Qb3 Qc7 6. d3 Nbd7 7. Nc3 dxc4 8.
Qxc4 e5 9. O-O Bd6 10. Bd2 O-O 11. Rac1 Nb6 12. Qb3 Qe7 13. a3 h6 14. Rfd1 Rfd8
15. Be3 Nbd5 16. Nxd5 cxd5 17. Bd2 Rac8 18. Ba5 b6 19. Bd2 Be6 20. Qb5 Rc7 21.
Rxc7 Qxc7 22. Rc1 Qd7 23. Qa6 Bc5 24. b4 Bd6 25. Ne1 Rc8 26. Rxc8+ Qxc8 27.
Qxa7 Bc7 28. Qa4 e4 29. Qc2 Qd7 30. dxe4 dxe4 31. Be3 Bd5 32. h3 b5 33. Qc5 Be5
34. Nc2 Bb2 35. Bd4 Bxd4 36. Nxd4 Bc4 37. e3 Bd3 38. Qc6 Qxc6 39. Nxc6 Nd5 40.
Nd4 Nc3 41. f3 exf3 42. Bxf3 Nb1 43. Bc6 Nxa3 44. Kf2 Kf8 45. Ke1 Ke7 46. Kd2
Bc4 47. Kc1 Bf1 48. e4 Bxh3 49. Nxb5 Nxb5 50. Bxb5 Bd7 51. Bc4 Bc6 52. Bd3 g5
53. b5 Bb7 54. Kd2 Kd6 55. Ke3 Ke5 56. g4 f6 57. b6 Kd6 58. Kd4 Kc6 59. e5
fxe5+ 60. Kxe5 Kxb6 61. Be4 Bc8 62. Bf5 Ba6 63. Kf6 Be2 64. Kg6 Bxg4 65. Bxg4
Kc5 66. Kxh6 Kd5 67. Kxg5 1/2-1/2

[Event "NK C Jeugd"]
[Site "Chess.com"]
[Date "2020.05.01"]
[Round "7"]
[White "Van Foreest, Machteld"]
[Black "Smeets, Kobe"]
[Result "0-1"]
[WhiteElo "2094"]
[BlackElo "2019"]
[PlyCount "78"]
[EventDate "2020.05.??"]

1. e4 c5 2. Nf3 d6 3. d4 cxd4 4. Nxd4 Nf6 5. Nc3 a6 6. Bg5 e6 7. f4 h6 8. Bh4
Qb6 9. Qd2 Qxb2 10. Rb1 Qa3 11. e5 dxe5 12. fxe5 g5 13. Bg3 Nh5 14. Rd1 Nd7 15.
Nf3 Bb4 16. Qd3 Qxc3+ 17. Qxc3 Bxc3+ 18. Kf2 Nxg3 19. hxg3 Nxe5 20. Nxe5 Bxe5
21. Be2 Bg7 22. Bf3 O-O 23. Rd2 Rb8 24. Rhd1 b5 25. Rd8 Bb7 26. Rxb8 Rxb8 27.
Rd6 Bxf3 28. Kxf3 a5 29. Ra6 a4 30. Ke4 f5+ 31. Kd3 Kf7 32. Ra7+ Kg6 33. Ra6
Kf6 34. Kd4 Rc8 35. Rb6 Rxc2 36. Rxb5 Rxa2 37. Ra5 Rxg2 38. Rxa4 Rxg3 39. Ra6
Rg4+ 0-1

[Event "NK C Jeugd"]
[Site "Chess.com"]
[Date "2020.05.01"]
[Round "7"]
[White "Verheij, Dana"]
[Black "Kazarjan, Gachatur"]
[Result "1-0"]
[WhiteElo "1697"]
[BlackElo "1458"]
[PlyCount "49"]
[EventDate "2020.05.??"]

1. e4 c5 2. Nf3 Nc6 3. d4 cxd4 4. Nxd4 d6 5. c4 g6 6. Nc3 Bg7 7. Be3 Nf6 8. f3
O-O 9. Be2 Bd7 10. O-O Rc8 11. Rc1 Ne5 12. Nd5 Be8 13. f4 Nc6 14. f5 Nxe4 15.
fxg6 fxg6 16. Ne6 Rxf1+ 17. Qxf1 Qd7 18. Nxg7 Kxg7 19. Qf3 Nf6 20. Rf1 Bf7 21.
Nxf6 exf6 22. Qxf6+ Kg8 23. Bh6 Be6 24. Qf8+ Rxf8 25. Rxf8# 1-0

[Event "NK C Jeugd"]
[Site "Chess.com"]
[Date "2020.05.01"]
[Round "7"]
[White "Wieggers, Wouter"]
[Black "Niemeijer, Léon"]
[Result "1-0"]
[WhiteElo "1588"]
[BlackElo "1576"]
[PlyCount "65"]
[EventDate "2020.05.??"]

1. e4 e6 2. d4 d5 3. Nc3 Nf6 4. e5 Nfd7 5. f4 c5 6. Nf3 Nc6 7. Be3 Qb6 8. a3
cxd4 9. Nxd4 Bc5 10. Na4 Qa5+ 11. c3 Bxd4 12. Bxd4 b5 13. Nc5 O-O 14. Nxd7 Bxd7
15. Be2 Nxd4 16. Qxd4 Qc7 17. O-O Rfc8 18. Kh1 a6 19. Qb4 Qc5 20. Qxc5 Rxc5 21.
Rad1 Rac8 22. Rd4 a5 23. Ra1 b4 24. axb4 axb4 25. Rxb4 h6 26. Bd3 R5c7 27. Rb6
d4 28. c4 Bc6 29. Rba6 Rb7 30. Rxc6 Rxc6 31. Ra8+ Rb8 32. Rxb8+ Rc8 33. Rxc8#
1-0